000 00950nas a2200265 4500
001 BR0201545
003 BR-BrBNA
005 20231205102825.0
007 ta
008 230509b bl.|||p| |||| 00| 00por d
040 _aBR-BrBNA
_bpor
_cBiblioteca Nacional de Agricultura
041 _a(Pt)
072 _aH10
100 1 _aDelabie, J.H.C.
100 1 _aLúcia, T.D.
100 1 _aPastre, L.
245 1 _aProtocolo de experimentação para avaliar a atratividade de novas formulações de iscas granuladas utilizadas no controle das formigas cortadeiras Acromyrmex spp. e Atta spp. (Hymenoptera: Formicidae: Myrmicinae: Attini)no campo
650 _aFormiga
650 _aAtrativo
650 _aInseticida
650 _aControle Químico
773 0 _tAnais da Sociedade Entomológica do Brasil (Brazil)
_xISSN 0301-8059
_g(Dec 2000), v. 29(4) p. 843-848
_wBR0201545
909 _a202311
_bLúcia
_c55
_dLúcia Elande
942 _2AGRIS
_n0
_cANA
999 _c169526
_d169526